000 00517 a2200193 4500
001 131950
003 OSt
005 20211006145633.0
008
082 _a521
_bK53C
100 1 _aKibble, Tom W.B.
245 1 _aClassical mechanics
_cby Tom W.B. Kibble and Frank H. Berkshire
250 _a5th ed.
260 _aNew Delhi
_bimperial College press
_c2010
300 _a478p.
690 _aMechanics, Analytic; Mechanics
700 _aBerkshire, Frank H.
942 _2ddc
_cBK
999 _c6340
_d6340